00726nam a2200109Ia 4500008004100000082001800041245018100059260000600240365000800246630018100254730018100435100415s9999 xx 000 0 und d b21313a343.02 aReference Guide to the Maharashtra Sales Tax on the Transfer of property in Goods involved in the execution of works Contracts (Re-enacted) Act-1989 as amended upto 10-08-2004. c0 b300 aReference Guide to the Maharashtra Sales Tax on the Transfer of property in Goods involved in the execution of works Contracts (Re-enacted) Act-1989 as amended upto 10-08-2004. aReference Guide to the Maharashtra Sales Tax on the Transfer of property in Goods involved in the execution of works Contracts (Re-enacted) Act-1989 as amended upto 10-08-2004.